Statistics for 10 Most-Visited Countries by American Exchange Students

Click here to take the quiz!

General Stats

  • This quiz has been taken 331 times
  • The average score is 9 of 10

Answer Stats

# Of StudentsCountry% Correct
17,597 StudentsFrance
99%
26,949 StudentsSpain
98%
38,250 StudentsUnited Kingdom
98%
31,166 StudentsItaly
97%
10,377 StudentsGermany
96%
5,978 StudentsJapan
92%
8,369 StudentsAustralia
91%
13,763 StudentsChina
90%
8,823 StudentsIreland
76%
8,578 StudentsCosta Rica
14%

Score Distribution

Percentile by Number Answered

Percent of People with Each Score

Your Score History

You have not taken this quiz